Propuesta de un sistema de comunicación para interconectar las sedes, INSFOP y UNICAM en los departamentos de Estelí y Madrid respectivamente
El presente documento tiene como objeto brindar una propuesta de diseño de un sistema de comunicación que permita interconectar 2 sede de la Institución INSFOP (Instituto de Formación Permanente) en Estelí, con una sede afiliada llamada UNICAM(Universidad Campesina) en Somoto, Madrid, con el fi...
| Main Authors: | , , |
|---|---|
| Other Authors: | |
| Format: | Tesis Section = Libro |
| Language: | Undetermined Spanish |
| Published: |
Managua
UNI
2014
|
| Subjects: |
| LEADER | 01340nam a2200289Ia 4500 | ||
|---|---|---|---|
| 008 | 240830s9999 xx 000 0 und d | ||
| 040 | |a BIBLIOTECA-RUSB/ Mon 621.3813 C212 | ||
| 041 | |a spa | ||
| 082 | |a Mon 621.3813 C212 | ||
| 100 | 1 | |a Canales González, Hardy Ariel | |
| 100 | 1 | |b Moreno Viachica, Noel Eduardo | |
| 100 | 1 | |c Pastrana Ventura, David Josué | |
| 245 | 1 | 0 | |a Propuesta de un sistema de comunicación para interconectar las sedes, INSFOP y UNICAM en los departamentos de Estelí y Madrid respectivamente |
| 260 | |a Managua |b UNI |c 2014 | ||
| 300 | |a 77 p. :il. | ||
| 500 | |a Contiene: anexos. | ||
| 502 | |a Tesis (Ingeniero en Telecomunicaciones) - UNI, 2014. | ||
| 520 | 3 | |a El presente documento tiene como objeto brindar una propuesta de diseño de un sistema de comunicación que permita interconectar 2 sede de la Institución INSFOP (Instituto de Formación Permanente) en Estelí, con una sede afiliada llamada UNICAM(Universidad Campesina) en Somoto, Madrid, con el fin de brindar servicio de voz, video y datos en general. | |
| 650 | 7 | |a DISEÑO DE SISTEMA DE COMUNICACION | |
| 650 | 7 | |b TELEFONIA IP | |
| 650 | 7 | |c RADIOENLACE | |
| 650 | 7 | |d SISTEMA DE TELECOMUNICACION | |
| 650 | 7 | |e INGENIERIA-MICROONDAS | |
| 700 | 1 | |a Tutor: |b Flores Guido, Fernando | |
| 942 | |c BK |2 ddc | ||
| 991 | |a TESIS | ||
| 999 | |c 20244 | ||